000 00792nam a2200253Ia 4500
003 OSt
005 20221005113055.0
006 a|||||r|||| 00| 0
007 ta
008 221004b |||||||| |||| 00| 0 pan d
020 _a8765421X (hbk)
_c200
024 _a6036
037 _b683, 14/06/2013, H.K. Prakashan
_cTextual
040 _aCRL
_cCRL
_bpan
041 _2pan
_apan
082 _aO153:g, P9
100 _aਸੋਗ਼, ਸ
_9159015
245 0 _aਗ਼ਾਵੀਏ
260 _aਦਿੱਲੀ
_bਮਨਪ੍ਰੀਤ ਪ੍ਰਕਾFਨ ਭਾਰਤ
_c2009
300 _a152ਪੰ
_ccm.
650 _aਪੰਜਾਬੀ ਸਾਹਿਤ
942 _hO153:g, P9
_cTEXL
_2cc
999 _c1026946
_d1026946